| 000 | 00419nam a22001457a 4500 | ||
|---|---|---|---|
| 020 | _a0-02-353571-7 | ||
| 082 | _a519.2 HEL'P | ||
| 100 |
_a HELSTROM, CARL W _961415 |
||
| 245 | _aPROBABILITY AND STOCHASTIC PROCESSES FOR ENGINEERS | ||
| 250 | _a2ND | ||
| 260 |
_aNEWYORK _b MACMILLAN _c1991 |
||
| 300 | _a XI, 610P | ||
| 650 |
_aENGINEERING MATHEMATICALS PROBABILITIES STOCHASTIC PROCESSES _961416 |
||
| 942 | _cBK | ||
| 999 |
_c570875 _d570875 |
||